00691nam a2200145Ia 4500008004100000050002500041100003000066245018100096260008600277300003300363521001500396942000700411999001900418952010800437140724s9999 xx 000 0 und d aTR 897.7b.B858 2012 aBrion, Michael Candido R. 4aThe effectiveness of motion graphics as a technique in promoting the institutional outreach program of Southville International School and Colleges /cMichael Candida R. Brion. aLas Piñas, Philippines :bSouthville International School and Colleges,cc2012. a96 p. :bcol. Ill. ;c28 cm. aMedia Arts cTH c228762d228762 001040aCLbCLcTHESESd2014-07-24l0oTR 897.7 .B858 2012pT0116r2018-05-15 00:00:00w2014-07-24yTH